La primera venta del emprendedor: lo que un inversor quiere escuchar para financiar tu proyecto (Registro nro. 7500)
[ vista simple ]
| 000 -Cabecera | |
|---|---|
| Campo de control de longitud fija | 01147nam a22003497a 4500 |
| 005 - Fecha y hora de la última transacción | |
| Campo de control | 20250819115630.0 |
| 008 - Elementos de longitud fija--Información general | |
| Campo de control de longitud fija | 160125b2015 xxu||||| |||| 00| 0 spa d |
| 020 ## - International Standard Book Number | |
| Número Internacional Estándar del Libro (ISBN) | 9789962041986 |
| 041 ## - Idioma | |
| Código de idioma | Español |
| 082 ## - Clasificación Decimal Dewey | |
| Número de clasificación | 658.409.2 R389p |
| 100 ## - Entrada principal--Autor personal | |
| Nombre personal | Remolins, Eduardo |
| 9 (RLIN) | 42363 |
| 245 ## - Título propiamente dicho | |
| Título | La primera venta del emprendedor: lo que un inversor quiere escuchar para financiar tu proyecto |
| 260 ## - Pie de imprenta | |
| Lugar de publicación, distribución, etc. | Español |
| 260 ## - Pie de imprenta | |
| Nombre del editor, distribuidor, etc. | Lexus |
| 260 ## - Pie de imprenta | |
| Fecha de publicación, distribución, etc. | 2015 |
| 300 ## - Descripción física | |
| Extensión | 193 páginas |
| 490 ## - Serie | |
| Título de la Serie | Dirección y Administración de empresas |
| 505 ## - Nota de contenido | |
| Nota de contenido | Parte I. ¿Por qué necesitamos una presentación?.<br/>Parte II. El monólogo silencioso<br/>Parte III. La hora de la verdad. |
| 650 ## - Materia general | |
| Temática (materia general) | LIDERAZGO EJECUTIVO |
| 650 ## - Materia general | |
| Temática (materia general) | EMPREDEDURISMO |
| 650 ## - Materia general | |
| Temática (materia general) | PRESENTACIÓN DEL NEGOCIO |
| 650 ## - Materia general | |
| Temática (materia general) | ESTRATEGIAS PARA CREAR PRESENTACIONES |
| 650 ## - Materia general | |
| Temática (materia general) | ESTRATEGIAS PARA ESCRIBIR PLANES DE NEGOCIO |
| 650 ## - Materia general | |
| Temática (materia general) | MANAGEMENT |
| 650 ## - Materia general | |
| Temática (materia general) | MODELO MCKINSEY |
| 650 ## - Materia general | |
| Temática (materia general) | FINANCIMIENTO |
| 650 ## - Materia general | |
| Temática (materia general) | INVERSIONISTAS |
| 650 ## - Materia general | |
| Temática (materia general) | CLIENTES |
| 650 ## - Materia general | |
| Temática (materia general) | ORDENAR TUS IDAS |
| 650 ## - Materia general | |
| Temática (materia general) | PROBAR Y MEJORAR LA ORIGINALIDAD DEL PLAN |
| 942 ## - Punto de acceso adicional KOHA | |
| Tipo de ítem KOHA | Libro |
| Fuente del sistema de clasificación o colocación | Dewey Decimal Classification |
| Signatura completa | Código de barras | Programa Académico | Tipo de ítem |
|---|---|---|---|
| 658.409.2 R389p | 22078 | Dirección y Administración de Empresas | Literatura |